Épül a rókusi lakónegyed Kilencven lakás műszaki átadása /
Elmentve itt :
| Szerzők: | |
|---|---|
| Dokumentumtípus: | Cikk |
| Megjelent: |
1980-07-06
|
| Sorozat: | Délmagyarország
70 No. 157 |
| Kulcsszavak: | Rókus |
| Online Access: | http://dmarchiv.bibl.u-szeged.hu/102403 |
| LEADER | 00525nab a2200169 i 4500 | ||
|---|---|---|---|
| 001 | delm102403 | ||
| 005 | 20190531114547.0 | ||
| 008 | 190531s1980 hu o 0|| hun d | ||
| 040 | |a SZTE Délmagyarország Archívum |b hun | ||
| 041 | |a hun | ||
| 100 | 1 | |a Igriczi Zsigmond | |
| 245 | 1 | 0 | |a Épül a rókusi lakónegyed |h [elektronikus dokumentum] : |b Kilencven lakás műszaki átadása / |c Igriczi Zsigmond |
| 260 | |c 1980-07-06 | ||
| 300 | |a 1 | ||
| 490 | 0 | |a Délmagyarország |v 70 No. 157 | |
| 695 | |a Rókus | ||
| 700 | 0 | 1 | |a Somogyi Károlyné |e aut |